000 00594cam a2200241 4500
001 4093844
005 20180213073205.0
008 701109s1970 enkaef b 001 0 eng a
010 _a 73517403
015 _aB70-16768
020 _a0852360010
040 _aDLC
_cDLC
_dDLC
041 _aeng
080 _a636.40831 SAI
082 0 0 _a636.40831 SAI
100 1 _a41
101 _aNDE
245 1 0 _aPig housing
_c[by] David Sainsbury.
350 _a40/-
504 _aIncludes bibliographical references.
906 _a7
_bcbc
_corignew
_d3
_encip
_f19
_gy-gencatlg
942 _2ddc
_cBK
999 _c42393
_d42393